000
00319nam a2200121Ia 4500
008
220204s9999 xx 000 0 und d
082
_a
541.1:541.13
_b
BOC
245
0
_a
Electrochemistry
260
_a
London
_b
Butterworths
_c
1973
490
_a
Physical chemsitry, series one V 6
700
_a
Bockris, J O M
942
_c
BK
999
_c
24877
_d
24877